Význam mastných kyselín mliečneho tuku bakalárska práca CD

Na minha lista:
Detalhes bibliográficos
Autor principal: Roglšeková, Alena
Formato: Software Livro
Idioma:eslovaco
Publicado em: Bratislava STU FCHPT 2013
Acesso em linha:View in OPAC
Tags: Adicionar Tag
Sem tags, seja o primeiro a adicionar uma tag!

MARC

LEADER 00000nam a2200000 a 4500
005 20260127133952.0
007 co ugu
008 130930 2013 000 0 slo d
035 |a vtls010547247 
039 9 |y 201309301422  |z mschk03 
040 |a STUSCHK1  |b slo  |c STUSCHK1  |e AACR2 
100 1 |a Roglšeková, Alena 
245 1 |a Význam mastných kyselín mliečneho tuku  |b bakalárska práca CD  |c Alena Roglšeková 
260 |a Bratislava  |b STU FCHPT  |c 2013 
300 |a 1 optický disk 
500 |a Obhájené: 10.07.2013 
500 |a Štud. program: Výživa-kozmetia-ochrana zdravia 
500 |a Štud. odbor: Potravinárstvo 
500 |a Škol. pracovisko: Odd. potravinárskej technológie 
500 |a Evid. číslo: FCHPT-13046-69614 
910 |a SCHK95 
999 |c 1142  |d 1142